| 000 | 00563nam a22002057a 4500 | ||
|---|---|---|---|
| 003 | NUST-PNEC | ||
| 005 | 20170116181043.0 | ||
| 008 | 140430b xxu||||| |||| 00| 0 eng d | ||
| 020 | _a8178083493 | ||
| 040 | _cLIBRARY | ||
| 082 | _a658.155 SUL | ||
| 100 |
_975 _aSullivan, William G. |
||
| 245 |
_aEngineering Economy _cWilliam G. Sullivan |
||
| 250 | _a11th ed. | ||
| 260 |
_aNew Dehli _bPearson Education _cc.2000 |
||
| 300 |
_axii, 662 p. : _bill. : _c24 cm. |
||
| 500 | _aIncludes Index | ||
| 650 |
_xME, EL _98315 _aEngineering Economy |
||
| 942 |
_2ddc _cBK |
||
| 999 |
_c68158 _d68158 |
||